[Event "Reykjavik op"]
[Site "Reykjavik"]
[Date "2023.04.03"]
[Round "8"]
[White "Eliasson, Kristjan Orn"]
[Black "Kalla, Christian"]
[Result "0-1"]
[WhiteElo "1737"]
[BlackElo "1994"]
[PlyCount "110"]
[EventDate "2023.03.29"]
[EventType "swiss"]
[EventRounds "9"]
[EventCountry "ISL"]
[SourceTitle "EXT 2024"]
[Source "ChessBase"]
[SourceDate "2023.10.10"]
[SourceVersion "1"]
[SourceVersionDate "2023.10.10"]
[SourceQuality "1"]

1. e4 c5 2. Nf3 Nc6 3. d4 cxd4 4. Nxd4 Nf6 5. Nc3 e5 6. Nxc6 bxc6 7. Bc4 Bb4 8. Bd3 d5 9. exd5 cxd5 10. 0-0 0-0 11. Bg5 Bxc3 12. bxc3 Qd6 13. h3 Rb8 14. Re1 Re8 15. Be3 a5 16. Qd2 Ba6 17. c4 d4 18. Bg5 Rbc8 19. c3 Bxc4 20. Bxc4 Rxc4 21. cxd4 Rxd4 22. Qxa5 h6 23. Be3 Rd5 24. Qa4 Rb8 25. Rac1 Rb2 26. a3 Rd3 27. Bc5 Qd5 28. Qc4 Nd7 29. Bb4 Nb6 30. Qe4 Rd4 31. Qxe5 Qxe5 32. Rxe5 Rd5 33. Re4 Ra2 34. Rc6 Rd1+ 35. Kh2 Nd5 36. Rc8+ Kh7 37. Bf8 Rxf2 38. Rg4 g5 39. Rc6 f6 40. Rd6 h5 41. Rd7+ Kg6 42. Rg3 Rff1 43. Rg7+ Kf5 44. Rf3+ Rxf3 45. gxf3 Rd2+ 46. Kg1 Kf4 47. h4 Kxf3 48. hxg5 Rg2+ 49. Kh1 fxg5 50. Bd6 Rg4 51. a4 Rh4+ 52. Kg1 Rg4+ 53. Kh1 Kf2 54. a5 Nf4 55. Bxf4 Rxf4 0-1

[Event "Reykjavik op"]
[Site "Reykjavik"]
[Date "2023.03.30"]
[Round "3"]
[White "Kalla, Christian"]
[Black "Carr, Jay A"]
[Result "1-0"]
[WhiteElo "1994"]
[BlackElo "1663"]
[PlyCount "59"]
[EventDate "2023.03.29"]
[EventType "swiss"]
[EventRounds "9"]
[EventCountry "ISL"]
[SourceTitle "CBM 213 Extra"]
[Source "ChessBase"]
[SourceDate "2023.05.31"]
[SourceVersion "1"]
[SourceVersionDate "2023.05.31"]
[SourceQuality "1"]

1. e4 c5 2. c3 Nf6 3. e5 Nd5 4. d4 cxd4 5. Nf3 e6 6. cxd4 Be7 7. Nc3 Nxc3 8. bxc3 Qc7 9. Bd2 d6 10. Bd3 Nd7 11. exd6 Bxd6 12. Qe2 b6 13. 0-0 Bb7 14. Rfe1 h6 15. Ne5 Nxe5 16. dxe5 Bc5 17. Bb5+ Bc6 18. Qc4 Rc8 19. Bxc6+ Qxc6 20. Qg4 g6 21. Rad1 Be7 22. Be3 h5 23. Qf4 0-0 24. Bd4 Rfd8 25. Rd3 Rc7 26. Rf3 Bf8 27. Rh3 Qd5 28. g4 hxg4 29. Qxg4 Qxa2 30. Qh4 1-0

[Event "DSOL 01 Liga Gr-B 1st"]
[Site "Playchess.com INT"]
[Date "2020.07.10"]
[Round "3.2"]
[White "Marcziter, Dmitrii"]
[Black "Kalla, Christian"]
[Result "1-0"]
[WhiteElo "2258"]
[BlackElo "1951"]
[PlyCount "73"]
[EventDate "2020.06.22"]
[EventType "team-tourn (rapid)"]
[EventCountry "GER"]
[SourceTitle "EXT 2021"]
[Source "ChessBase"]
[SourceDate "2020.10.23"]
[SourceVersion "1"]
[SourceVersionDate "2020.10.23"]
[SourceQuality "1"]
[WhiteTeam "Porz SG"]
[BlackTeam "Hamburg Diogenes"]
[WhiteTeamCountry "GER"]
[BlackTeamCountry "GER"]

1. d4 Nf6 2. c4 g6 3. Nf3 Bg7 4. g3 0-0 5. Bg2 d5 6. cxd5 Nxd5 7. 0-0 e6 8. e4 Nb6 9. Qc2 a5 10. Bg5 Qd6 11. Nc3 c6 12. Rad1 Na6 13. Qe2 h6 14. Bf4 Qe7 15. Rfe1 Rd8 16. Be3 Nd7 17. h3 e5 18. dxe5 Nxe5 19. Rxd8+ Qxd8 20. Nxe5 Bxe5 21. Bxh6 Be6 22. Be3 Bd4 23. Rd1 c5 24. Nb5 Bxa2 25. Nxd4 cxd4 26. Bxd4 Qe7 27. Qd2 Kh7 28. Qxa5 Nc7 29. Qe5 Ne6 30. Bc3 Bb3 31. Rd2 Rd8 32. Rxd8 Qxd8 33. Kh2 Qf8 34. Qf6 Qg7 35. Qh4+ Qh6 36. Qe7 Ng5 37. Qd8 1-0

[Event "GER-ch Net blitz qual4"]
[Site "Playchess.com INT"]
[Date "2020.03.23"]
[Round "7"]
[White "Emig, Nils"]
[Black "Kalla, Christian"]
[Result "0-1"]
[WhiteElo "1832"]
[BlackElo "1988"]
[PlyCount "66"]
[EventDate "2020.03.23"]
[EventType "swiss (blitz)"]
[EventRounds "9"]
[EventCountry "GER"]
[SourceTitle "CBM 195 Extra"]
[Source "ChessBase"]
[SourceDate "2020.05.31"]
[SourceVersion "1"]
[SourceVersionDate "2020.05.31"]
[SourceQuality "1"]

1. e4 c5 2. Nf3 Nc6 3. d4 cxd4 4. Nxd4 Nf6 5. Nc3 e5 6. Ndb5 d6 7. Na3 a6 8. Bg5 Be7 9. Bxf6 Bxf6 10. Nd5 Bg5 11. Nc4 b5 12. Nce3 0-0 13. h4 Bh6 14. g4 Bf4 15. Nxf4 exf4 16. Nd5 Re8 17. f3 Ne5 18. Be2 Qa5+ 19. c3 Be6 20. Nxf4 b4 21. Nxe6 bxc3 22. Nd4 cxb2+ 23. Kf2 bxa1Q 24. Qxa1 Qc5 25. Kg2 Rab8 26. Rc1 Qb6 27. Nf5 Qb2 28. Kf2 Qxa1 29. Rxa1 Rb6 30. Rd1 Rd8 31. Rc1 g6 32. Nd4 Rb2 33. a4 Nd3+ 0-1

[Event "GER-ch Net blitz qual4"]
[Site "Playchess.com INT"]
[Date "2020.03.23"]
[Round "4"]
[White "Kalla, Christian"]
[Black "Richter, Philipp2222"]
[Result "1/2-1/2"]
[WhiteElo "1988"]
[BlackElo "2105"]
[PlyCount "158"]
[EventDate "2020.03.23"]
[EventType "swiss (blitz)"]
[EventRounds "9"]
[EventCountry "GER"]
[SourceTitle "CBM 195 Extra"]
[Source "ChessBase"]
[SourceDate "2020.05.31"]
[SourceVersion "1"]
[SourceVersionDate "2020.05.31"]
[SourceQuality "1"]

1. e4 e6 2. d4 d5 3. Nc3 Bb4 4. exd5 exd5 5. Bd3 Nc6 6. Nge2 Nge7 7. 0-0 Bf5 8. Bg5 Qd7 9. a3 Bd6 10. Nb5 0-0 11. Nxd6 Qxd6 12. Bf4 Qd7 13. Bb5 a6 14. Ba4 b5 15. Bb3 Na5 16. Ba2 Ng6 17. Bg3 Nc4 18. Qc1 Qc6 19. b3 Nd6 20. Bxd6 cxd6 21. c4 Bd3 22. Qd2 dxc4 23. bxc4 bxc4 24. Rfc1 Bxe2 25. d5 Qc5 26. Qxe2 Qxd5 27. Bxc4 Qg5 28. Qf3 Nh4 29. Qg3 Qxg3 30. hxg3 Ng6 31. Rd1 Rfd8 32. Rd5 Ne7 33. Ra5 Rdc8 34. Rxa6 Rxa6 35. Bxa6 Ra8 36. Bc4 d5 37. Bd3 g6 38. a4 Ra5 39. Kf1 Nc6 40. Bb5 Nd4 41. Rb1 Kg7 42. Ke1 Kf6 43. f4 Nf5 44. Kf2 d4 45. g4 Ne3 46. Kf3 g5 47. g3 Nd5 48. Rb3 Nc3 49. fxg5+ Kxg5 50. Rb4 f6 51. Rxd4 Nxb5 52. Rd5+ Kg6 53. axb5 h6 54. Kf4 Ra4+ 55. Kf3 Ra3+ 56. Kf4 Rb3 57. Rc5 Rb4+ 58. Kf3 Rb1 59. Rd5 Kf7 60. Rc5 Ke6 61. Rh5 Rb3+ 62. Kf4 Kf7 63. Rxh6 Rxb5 64. Rh5 Rb4+ 65. Kf3 Kg6 66. Rd5 Rb3+ 67. Kf4 Rc3 68. Rb5 Rc1 69. Rd5 Rf1+ 70. Ke3 Kf7 71. Rf5 Rg1 72. Kf2 Ra1 73. g5 Kg6 74. Rxf6+ Kxg5 75. Rf4 Ra2+ 76. Kf3 Ra3+ 77. Kf2 Ra2+ 78. Kf3 Ra3+ 79. Kf2 Ra2+ 1/2-1/2

[Event "GER-ch Net blitz qual3"]
[Site "Playchess.com INT"]
[Date "2020.03.21"]
[Round "5"]
[White "Kalla, Christian"]
[Black "Halt, David"]
[Result "1-0"]
[WhiteElo "1988"]
[BlackElo "2055"]
[PlyCount "71"]
[EventDate "2020.03.21"]
[EventType "swiss (blitz)"]
[EventRounds "9"]
[EventCountry "GER"]
[SourceTitle "CBM 195 Extra"]
[Source "ChessBase"]
[SourceDate "2020.05.31"]
[SourceVersion "1"]
[SourceVersionDate "2020.05.31"]
[SourceQuality "1"]

1. e4 e5 2. Nf3 Nc6 3. d4 exd4 4. Nxd4 Nf6 5. Nxc6 bxc6 6. e5 Qe7 7. Qe2 Nd5 8. c4 Ba6 9. h4 h5 10. Bd2 g6 11. Nc3 Bg7 12. f4 0-0 13. Qe4 Nxc3 14. Bxc3 d5 15. cxd5 Bxf1 16. Kxf1 cxd5 17. Qxd5 Rfd8 18. Qf3 Qc5 19. Rd1 Qc4+ 20. Kf2 Qxa2 21. f5 Qa6 22. e6 Qb6+ 23. Kg3 fxe6 24. fxg6 Rf8 25. Qe2 Bxc3 26. bxc3 c5 27. Rhf1 Qc7+ 28. Kh3 Kg7 29. Qxh5 Rh8 30. Qg5 Rhf8 31. Qh5 Rh8 32. Qg5 Rhf8 33. h5 Qc6 34. h6+ Kg8 35. g7 Rxf1 36. Rxf1 1-0

[Event "Oberliga Nord N 1920"]
[Site "Germany"]
[Date "2019.09.29"]
[Round "1.8"]
[White "Rogozenco, Teodora Nana"]
[Black "Kalla, Christian"]
[Result "1-0"]
[WhiteElo "1977"]
[BlackElo "1999"]
[PlyCount "61"]
[EventDate "2019.09.29"]
[EventType "team-tourn"]
[EventRounds "9"]
[EventCountry "GER"]
[SourceTitle "CBM 195 Extra"]
[Source "ChessBase"]
[SourceDate "2020.05.31"]
[SourceVersion "1"]
[SourceVersionDate "2020.05.31"]
[SourceQuality "1"]

1. d4 Nf6 2. c4 g6 3. Nc3 d5 4. Bg5 Ne4 5. Nxe4 dxe4 6. Qc2 h6 7. Be3 Bf5 8. g4 Bxg4 9. Qxe4 Qc8 10. Bg2 c6 11. Qe5 Rg8 12. Nf3 Bh3 13. Bxh3 Qxh3 14. 0-0-0 Na6 15. d5 Bg7 16. Qe4 Qf5 17. Qxf5 gxf5 18. dxc6 bxc6 19. Rhg1 c5 20. Kb1 Rb8 21. b3 Rb6 22. Nh4 Rf6 23. Bf4 Re6 24. Nxf5 Rg6 25. Rxg6 fxg6 26. Nxg7+ Rxg7 27. Bxh6 Rh7 28. Bf4 g5 29. Bg3 Nb4 30. e3 e6 31. Rd6 1-0

[Event "Oberliga Nord N 1819"]
[Site "Germany"]
[Date "2019.04.07"]
[Round "9.7"]
[White "Kalla, Christian"]
[Black "Diekmann, Jens"]
[Result "1/2-1/2"]
[WhiteElo "1978"]
[BlackElo "2059"]
[PlyCount "74"]
[EventDate "2018.10.21"]
[EventType "team-tourn"]
[EventRounds "9"]
[EventCountry "GER"]
[SourceTitle "EXT 2020"]
[Source "ChessBase"]
[SourceDate "2019.10.17"]
[SourceVersion "1"]
[SourceVersionDate "2019.10.17"]
[SourceQuality "1"]
[WhiteTeam "Hamburg Diogenes"]
[BlackTeam "Marmstorf"]
[WhiteTeamCountry "GER"]
[BlackTeamCountry "GER"]

1. e4 c5 2. c3 d5 3. exd5 Qxd5 4. d4 cxd4 5. cxd4 Nc6 6. Nf3 e5 7. Nc3 Bb4 8. Bd2 Bxc3 9. Bxc3 e4 10. Ne5 Nxe5 11. dxe5 Ne7 12. Qe2 0-0 13. g3 Rd8 14. Bg2 Bf5 15. 0-0 Rac8 16. Rfe1 Qe6 17. Bxe4 Nd5 18. Bxf5 Qxf5 19. Rad1 Nxc3 20. bxc3 h6 21. Rd6 Re8 22. Qe3 b6 23. Qd4 Re7 24. Rd8+ Kh7 25. Rxc8 Qxc8 26. Rd1 Rc7 27. Rd3 Rc4 28. Qd7 Rxc3 29. Qxc8 Rxc8 30. Rd7 Kg6 31. Rxa7 Re8 32. f4 f6 33. Rb7 Re6 34. g4 Kh7 35. f5 Rxe5 36. Rxb6 Re2 37. Ra6 h5 1/2-1/2

[Event "Hamburg-chT Landesliga 1516"]
[Site "Hamburg"]
[Date "2016.04.24"]
[Round "9.3"]
[White "Stelting, Thorsten"]
[Black "Kalla, Christian"]
[Result "1-0"]
[WhiteElo "2173"]
[BlackElo "1951"]
[PlyCount "93"]
[EventDate "2015.09.20"]
[EventType "team-tourn"]
[EventRounds "9"]
[EventCountry "GER"]
[SourceTitle "EXT 2022"]
[Source "ChessBase"]
[SourceDate "2021.10.06"]
[SourceVersion "1"]
[SourceVersionDate "2021.10.06"]
[SourceQuality "1"]
[WhiteTeam "Eimsbuettel Union"]
[BlackTeam "Hamburg Diogenes II"]
[WhiteTeamCountry "GER"]
[BlackTeamCountry "GER"]

1. e4 c5 2. Nf3 Nc6 3. Bb5 g6 4. 0-0 Bg7 5. c3 e5 6. Qe2 Nge7 7. d3 0-0 8. Be3 d6 9. Rd1 Bg4 10. h3 Bxf3 11. Qxf3 a6 12. Ba4 b5 13. Bb3 Na5 14. Bc2 Rc8 15. a4 b4 16. Nd2 f5 17. Bg5 fxe4 18. Qxe4 Bf6 19. Bh6 d5 20. Qg4 Rf7 21. Nb3 Nf5 22. Bd2 Nb7 23. d4 e4 24. dxc5 bxc3 25. Bxc3 Bxc3 26. bxc3 e3 27. Rf1 Nxc5 28. Nxc5 Rxc5 29. Bxf5 Rxf5 30. fxe3 Rc4 31. Qg3 Rxf1+ 32. Rxf1 Rxc3 33. Qe5 Rc6 34. Rd1 Rd6 35. Rd4 Qb6 36. Kh2 Rd8 37. Rxd5 Rxd5 38. Qxd5+ Kg7 39. Qd4+ Qf6 40. Kg3 Qxd4 41. exd4 Kf6 42. Kf4 Ke6 43. Ke4 g5 44. g4 a5 45. d5+ Kd6 46. Kd4 h6 47. Kc4 1-0

[Event "Arber op 4th"]
[Site "Bayerisch Eisenstein"]
[Date "2015.08.06"]
[Round "6"]
[White "Kalla, Christian"]
[Black "Bauer, Dieter"]
[Result "1-0"]
[WhiteElo "1958"]
[BlackElo "1704"]
[PlyCount "77"]
[EventDate "2015.08.01"]
[EventType "swiss"]
[EventRounds "9"]
[EventCountry "GER"]
[SourceTitle "EXT 2016"]
[Source "ChessBase"]
[SourceDate "2015.10.08"]
[SourceVersion "1"]
[SourceVersionDate "2015.10.08"]
[SourceQuality "1"]

1. d4 d6 2. e4 e5 3. Nf3 exd4 4. Nxd4 Nf6 5. Nc3 Be7 6. Be2 0-0 7. 0-0 Nc6 8. Be3 Re8 9. f4 Bf8 10. Bf3 g6 11. Re1 Na5 12. Qe2 c5 13. Nb3 Rb8 14. Rad1 Nxb3 15. axb3 Qb6 16. g4 Qa6 17. Qg2 Nd7 18. Ra1 Qb6 19. Nd5 Qd8 20. Rxa7 Bg7 21. c3 Nb6 22. Nxb6 Qxb6 23. Ra3 Qc7 24. Qd2 Kh8 25. Rd1 Bf8 26. f5 Rd8 27. Bf4 b5 28. e5 Qb7 29. exd6 Bd7 30. Be5+ Kg8 31. fxg6 hxg6 32. Qf4 Bg7 33. Bxg7 Kxg7 34. Bd5 Be8 35. Qe5+ Kg8 36. Raa1 Qd7 37. c4 Rdc8 38. Rf1 Kf8 39. Qh8# 1-0

[Event "Hamburg-chT Landesliga 1415"]
[Site "Hamburg"]
[Date "2015.04.19"]
[Round "9.5"]
[White "Schroeter, Baldur"]
[Black "Kalla, Christian"]
[Result "1/2-1/2"]
[WhiteElo "1983"]
[BlackElo "1942"]
[PlyCount "85"]
[EventDate "2014.09.21"]
[EventType "team-tourn"]
[EventRounds "9"]
[EventCountry "GER"]
[SourceTitle "EXT 2022"]
[Source "ChessBase"]
[SourceDate "2021.10.06"]
[SourceVersion "1"]
[SourceVersionDate "2021.10.06"]
[SourceQuality "1"]
[WhiteTeam "Hamburg Koenigsspringer II"]
[BlackTeam "Hamburg Diogenes II"]
[WhiteTeamCountry "GER"]
[BlackTeamCountry "GER"]

1. e4 c5 2. c3 d5 3. exd5 Qxd5 4. d4 Nf6 5. Nf3 Bg4 6. dxc5 Qxd1+ 7. Kxd1 e5 8. b4 e4 9. h3 Bh5 10. g4 Nxg4 11. hxg4 Bxg4 12. Nbd2 exf3 13. Bb5+ Nc6 14. Re1+ Be7 15. Kc2 h5 16. Nc4 Be6 17. Ne5 Rc8 18. Bxc6+ bxc6 19. Nxf3 h4 20. Bf4 Rh5 21. Nd4 g5 22. Bh2 Rh6 23. a4 Kf8 24. Nxe6+ Rxe6 25. Rxe6 fxe6 26. Rd1 Ke8 27. Kb3 Rd8 28. Kc2 Rxd1 29. Kxd1 Bf6 30. b5 cxb5 31. axb5 Kd7 32. Ke2 Bxc3 33. Bb8 g4 34. Bxa7 Be5 35. Bb6 h3 36. c6+ Kc8 37. Kf1 Bd6 38. Ba5 Bf4 39. b6 Kb8 40. Bb4 Kc8 41. Bc5 Kb8 42. Be7 Kc8 43. Bc5 1/2-1/2

[Event "Enger Knappen Cup op-A"]
[Site "Enger"]
[Date "2010.12.29"]
[Round "6"]
[White "Helbig, Mark"]
[Black "Kalla, Christian"]
[Result "1-0"]
[WhiteElo "2354"]
[BlackElo "1947"]
[PlyCount "71"]
[EventDate "2010.12.27"]
[EventType "swiss"]
[EventRounds "7"]
[EventCountry "GER"]
[SourceTitle "CBM 140 Extra"]
[Source "ChessBase"]
[SourceDate "2011.03.01"]
[SourceVersion "1"]
[SourceVersionDate "2011.03.01"]
[SourceQuality "1"]

1. d4 Nf6 2. c4 e6 3. Nf3 b6 4. g3 Bb7 5. Bg2 Be7 6. 0-0 0-0 7. Re1 c5 8. d5 exd5 9. Nh4 Ne4 10. cxd5 Bxh4 11. Bxe4 Bf6 12. Nc3 Re8 13. Qc2 g6 14. Bg2 d6 15. b3 Nd7 16. Bb2 Bg7 17. Rad1 a6 18. h3 b5 19. Kh2 Rc8 20. Rb1 b4 21. Ne4 Nf6 22. Nxf6+ Bxf6 23. e4 Bxb2 24. Qxb2 c4 25. bxc4 Rxc4 26. Rbc1 Rxc1 27. Rxc1 Qb6 28. a3 a5 29. axb4 axb4 30. Rc4 b3 31. Rc3 Ba6 32. Rxb3 Qc5 33. Rb6 Bd3 34. Rc6 Qa5 35. Qd4 Qd2 36. Rc3 1-0

[Event "Enger Knappen Cup op-A"]
[Site "Enger"]
[Date "2010.12.28"]
[Round "4"]
[White "Geisler, Reinhard"]
[Black "Kalla, Christian"]
[Result "0-1"]
[WhiteElo "1899"]
[BlackElo "1947"]
[PlyCount "66"]
[EventDate "2010.12.27"]
[EventType "swiss"]
[EventRounds "7"]
[EventCountry "GER"]
[SourceTitle "CBM 140 Extra"]
[Source "ChessBase"]
[SourceDate "2011.03.01"]
[SourceVersion "1"]
[SourceVersionDate "2011.03.01"]
[SourceQuality "1"]

1. Nf3 Nf6 2. c4 e6 3. d4 b6 4. g3 Bb7 5. Bg2 Be7 6. 0-0 0-0 7. Nc3 Ne4 8. Qc2 Nxc3 9. Qxc3 d5 10. Rd1 dxc4 11. Qxc4 Nd7 12. Bf4 Rc8 13. b4 Nf6 14. a3 Bd5 15. Qc2 c5 16. dxc5 bxc5 17. b5 Qa5 18. a4 a6 19. Bd2 Qb6 20. bxa6 Qxa6 21. Bf1 Ne4 22. h4 Bf6 23. Rab1 Ra8 24. a5 Nxd2 25. Rxd2 Qxa5 26. e4 Bc6 27. Rd6 Ba4 28. Qe2 Be7 29. Rd2 Rab8 30. Rxb8 Rxb8 31. Ne5 Bb5 32. Qe3 Bxf1 33. Kxf1 Qa1+ 0-1

[Event "Enger Knappen Cup op-A"]
[Site "Enger"]
[Date "2010.12.27"]
[Round "2"]
[White "Milonas, Konstantinos"]
[Black "Kalla, Christian"]
[Result "1-0"]
[WhiteElo "1907"]
[BlackElo "1947"]
[PlyCount "123"]
[EventDate "2010.12.27"]
[EventType "swiss"]
[EventRounds "7"]
[EventCountry "GER"]
[SourceTitle "CBM 140 Extra"]
[Source "ChessBase"]
[SourceDate "2011.03.01"]
[SourceVersion "1"]
[SourceVersionDate "2011.03.01"]
[SourceQuality "1"]

1. e4 c5 2. Nf3 Nc6 3. d4 cxd4 4. Nxd4 Nf6 5. Nc3 e5 6. Nxc6 bxc6 7. Bd3 Bb4 8. Bd2 0-0 9. 0-0 d5 10. exd5 cxd5 11. Re1 e4 12. Be2 Rb8 13. a3 Be7 14. Rb1 d4 15. Na2 a5 16. Bf4 Bd6 17. Bxd6 Qxd6 18. Qd2 Be6 19. Nc1 a4 20. Bf1 Ng4 21. g3 Ne5 22. Bg2 Nc4 23. Qe2 f5 24. Nd3 Bf7 25. Nb4 Rbd8 26. Red1 Qh6 27. Qf1 Nd2 28. Qb5 Nxb1 29. Rxb1 Be8 30. Qc4+ Kh8 31. Rd1 Bh5 32. Rb1 e3 33. f4 Bf7 34. Qd3 Be8 35. c3 Qb6 36. c4 Qc5 37. Bd5 Bf7 38. Rd1 Bxd5 39. Nxd5 Rxd5 40. cxd5 Qxd5 41. Qxd4 Qf3 42. Rf1 Qe2 43. Qd1 Qxb2 44. Qxa4 Rb8 45. Qa7 e2 46. Re1 Re8 47. a4 h6 48. a5 Rd8 49. Kf2 Re8 50. Qb6 Qc3 51. a6 Kh7 52. a7 Qc8 53. Rxe2 Rxe2+ 54. Kxe2 Qc2+ 55. Kf1 Qd1+ 56. Kg2 Qe2+ 57. Qf2 Qa6 58. Kh3 Kg6 59. g4 fxg4+ 60. Kxg4 h5+ 61. Kg3 Qd3+ 62. Qf3 1-0

[Event "Maastricht Limburg op-B 4th"]
[Site "Maastricht"]
[Date "2010.05.23"]
[Round "4"]
[White "Kalla, Christian"]
[Black "O'Gorman, Brendan"]
[Result "1/2-1/2"]
[WhiteElo "1968"]
[BlackElo "1827"]
[PlyCount "95"]
[EventDate "2010.05.21"]
[EventType "swiss"]
[EventRounds "7"]
[EventCountry "NED"]
[SourceTitle "EXT 2011"]
[Source "ChessBase"]
[SourceDate "2010.11.26"]
[SourceVersion "1"]
[SourceVersionDate "2010.11.26"]
[SourceQuality "1"]

1. e4 c5 2. c3 g6 3. d4 cxd4 4. cxd4 d5 5. exd5 Nf6 6. Nc3 Nxd5 7. Bc4 Nb6 8. Bb3 Bg7 9. Nf3 0-0 10. h3 Nc6 11. Be3 Na5 12. Bc2 Nac4 13. Qc1 Bd7 14. 0-0 Rc8 15. Bh6 Nxb2 16. Bxg7 Kxg7 17. Qxb2 Qc7 18. Be4 Qxc3 19. Qxc3 Rxc3 20. Bxb7 Rb8 21. Ba6 Bxh3 22. Rfc1 Ra3 23. Be2 Bf5 24. Bd1 Be4 25. Nd2 Bd5 26. Rc7 Rb7 27. Rxb7 Bxb7 28. Bb3 Bd5 29. Re1 Bxb3 30. Nxb3 Nd5 31. Re2 e6 32. Nc1 Rc3 33. Nb3 Rd3 34. Rc2 Nb4 35. Rc7 Nxa2 36. Rxa7 Rxb3 37. Rxa2 Rb1+ 38. Kh2 Rd1 39. Ra4 h5 40. Kg3 g5 41. Kf3 Re1 42. Ra5 Kf6 43. g3 Kg6 44. Rc5 f5 45. d5 g4+ 46. Kg2 exd5 47. Rxd5 Kg5 48. Rc5 1/2-1/2

[Event "Maastricht Limburg op-B 4th"]
[Site "Maastricht"]
[Date "2010.05.22"]
[Round "2"]
[White "Kalla, Christian"]
[Black "Thoma, Sophia"]
[Result "0-1"]
[WhiteElo "1968"]
[BlackElo "1894"]
[PlyCount "62"]
[EventDate "2010.05.21"]
[EventType "swiss"]
[EventRounds "7"]
[EventCountry "NED"]
[SourceTitle "EXT 2011"]
[Source "ChessBase"]
[SourceDate "2010.11.26"]
[SourceVersion "1"]
[SourceVersionDate "2010.11.26"]
[SourceQuality "1"]

1. e4 e6 2. d4 d5 3. Nd2 dxe4 4. Nxe4 Nd7 5. Nf3 Ngf6 6. Bd3 b6 7. 0-0 Bb7 8. Qe2 Be7 9. c3 0-0 10. Nxf6+ Bxf6 11. Bf4 c5 12. Be4 Bxe4 13. Qxe4 cxd4 14. cxd4 Be7 15. Rac1 Nf6 16. Qb7 Nd5 17. Bg3 Bd6 18. Ne5 Bxe5 19. dxe5 Qg5 20. Rfd1 h5 21. Rc4 a6 22. Rdc1 b5 23. f4 Qg4 24. Rc8 Raxc8 25. Rxc8 Qd1+ 26. Kf2 Qd2+ 27. Kg1 Rxc8 28. Qxc8+ Kh7 29. Qxa6 Ne3 30. Qc6 Qd4 31. Kf2 Ng4+ 0-1

[Event "Maastricht Limburg op 3rd"]
[Site "Maastricht"]
[Date "2009.05.30"]
[Round "2"]
[White "Pedersen, Lars Erik"]
[Black "Kalla, Christian"]
[Result "1-0"]
[WhiteElo "2049"]
[BlackElo "1977"]
[PlyCount "135"]
[EventDate "2009.05.29"]
[EventType "swiss"]
[EventRounds "7"]
[EventCountry "NED"]
[SourceTitle "CBM 130 Extra"]
[Source "ChessBase"]
[SourceDate "2009.07.02"]
[SourceVersion "2"]
[SourceVersionDate "2009.07.15"]
[SourceQuality "1"]

1. e4 c5 2. Nc3 Nc6 3. g3 g6 4. d3 Bg7 5. Bg2 d6 6. Be3 e5 7. Qd2 Nd4 8. Nd5 Nf6 9. Nxf6+ Qxf6 10. c3 Ne6 11. Ne2 0-0 12. 0-0 Qe7 13. Rae1 b6 14. f4 exf4 15. gxf4 Nc7 16. f5 Rb8 17. Ng3 Ne8 18. Bh6 Qh4 19. Bg5 Qg4 20. Bf3 Qh3 21. Bg2 Qg4 22. Bf3 Qh3 23. Qe2 Nf6 24. Bg2 Qg4 25. Qxg4 Nxg4 26. Be7 Be5 27. Bxf8 Kxf8 28. Rf3 gxf5 29. Nxf5 Bxh2+ 30. Kh1 Be5 31. d4 Bxf5 32. dxe5 Bg6 33. exd6 Ne5 34. Rg3 Rd8 35. Rd1 Nc4 36. b3 Rxd6 37. Rxd6 Nxd6 38. Re3 Ke7 39. Kg1 Ke6 40. e5 Nf5 41. Bh3 Kd5 42. Bg2+ Ke6 43. Bh3 Kd5 44. Bxf5 Bxf5 45. Kf2 Be4 46. Rg3 Kxe5 47. Ke3 Bg6 48. Rg2 f5 49. Rd2 f4+ 50. Kf2 a5 51. Rd8 Bb1 52. a3 Bc2 53. Rb8 Bxb3 54. Rxb6 a4 55. Rb7 Ke4 56. Rxh7 Kd3 57. Rh3+ Kd2 58. Rf3 Bd1 59. Rxf4 Kxc3 60. Ke3 c4 61. Rf1 Bc2 62. Rf8 Kb3 63. Kd4 Kxa3 64. Kc3 Bd3 65. Ra8 Be2 66. Ra7 Bd3 67. Re7 Bb1 68. Kxc4 1-0

[Event "Maastricht Limburg op"]
[Site "Maastricht"]
[Date "2008.05.12"]
[Round "7"]
[White "Kalla, Christian"]
[Black "Ten Hertog, Hugo"]
[Result "1-0"]
[WhiteElo "1964"]
[BlackElo "2075"]
[PlyCount "41"]
[EventDate "2008.05.09"]
[EventType "swiss"]
[EventRounds "7"]
[EventCountry "NED"]
[SourceTitle "EXT 2009"]
[Source "ChessBase"]
[SourceDate "2008.11.26"]
[SourceVersion "1"]
[SourceVersionDate "2008.11.26"]
[SourceQuality "1"]

1. e4 c5 2. c3 d5 3. exd5 Qxd5 4. d4 Nf6 5. Nf3 e6 6. Be3 cxd4 7. cxd4 Nc6 8. Nc3 Qd8 9. a3 Be7 10. Bc4 0-0 11. 0-0 Nd5 12. Rc1 Bf6 13. Ne4 Nce7 14. Nxf6+ Nxf6 15. Ne5 Ned5 16. Qf3 b6 17. Bg5 Bb7 18. Ng4 Kh8 19. Nxf6 h6 20. Bxd5 exd5 21. Qf5 1-0

[Event "Maastricht Limburg op"]
[Site "Maastricht"]
[Date "2008.05.11"]
[Round "4"]
[White "Nabuurs, Joep"]
[Black "Kalla, Christian"]
[Result "1/2-1/2"]
[WhiteElo "2205"]
[BlackElo "1964"]
[PlyCount "113"]
[EventDate "2008.05.09"]
[EventType "swiss"]
[EventRounds "7"]
[EventCountry "NED"]
[SourceTitle "EXT 2009"]
[Source "ChessBase"]
[SourceDate "2008.11.26"]
[SourceVersion "1"]
[SourceVersionDate "2008.11.26"]
[SourceQuality "1"]

1. e4 c5 2. Nf3 Nc6 3. d4 cxd4 4. Nxd4 Nf6 5. Nc3 e5 6. Ndb5 d6 7. Bg5 a6 8. Na3 b5 9. Nd5 Be7 10. Bxf6 Bxf6 11. c3 Bg5 12. Nc2 Rb8 13. b4 0-0 14. Nce3 Be6 15. h4 Bxe3 16. Nxe3 Ne7 17. g3 Qc7 18. Qd2 Rbc8 19. Rc1 f5 20. exf5 Nxf5 21. Bh3 Qf7 22. Nxf5 Bxf5 23. Bxf5 Qxf5 24. 0-0 Qe6 25. Rfd1 Rf6 26. Rc2 Rc4 27. Qd5 Qxd5 28. Rxd5 Kf7 29. a4 bxa4 30. Kg2 e4 31. Ra5 Rf3 32. Rxa4 Rfxc3 33. Rxc3 Rxc3 34. Rxa6 Ke6 35. Ra7 Kf6 36. Rd7 Rc6 37. Rb7 d5 38. b5 Rd6 39. Kf1 d4 40. Ke1 h5 41. Ra7 Rd5 42. b6 Rb5 43. b7 g6 44. Kd2 Rb2+ 45. Kc1 Rb4 46. Ra4 Rxb7 47. Rxd4 Kf5 48. Kd2 Rb2+ 49. Ke3 Rb3+ 50. Ke2 Ra3 51. Rd5+ Kf6 52. Rb5 Rc3 53. Rb8 Ra3 54. Re8 Kf5 55. Rf8+ Ke5 56. Re8+ Kf5 57. Rf8+ 1/2-1/2

[Event "Maastricht Limburg op"]
[Site "Maastricht"]
[Date "2008.05.09"]
[Round "1"]
[White "Kalla, Christian"]
[Black "Taverniers, Peter"]
[Result "1/2-1/2"]
[WhiteElo "1964"]
[BlackElo "1810"]
[PlyCount "48"]
[EventDate "2008.05.09"]
[EventType "swiss"]
[EventRounds "7"]
[EventCountry "NED"]
[SourceTitle "EXT 2009"]
[Source "ChessBase"]
[SourceDate "2008.11.26"]
[SourceVersion "1"]
[SourceVersionDate "2008.11.26"]
[SourceQuality "1"]

1. e4 b6 2. d4 Bb7 3. Nc3 Nf6 4. Bd3 e6 5. Nf3 Bb4 6. Qe2 d6 7. Bd2 Nbd7 8. 0-0 0-0 9. a3 Bxc3 10. Bxc3 c5 11. Rad1 Qc7 12. dxc5 Nxc5 13. Bxf6 gxf6 14. Nd4 Kh8 15. Nb5 Qe7 16. c4 a6 17. Nc3 Rg8 18. Bc2 Rg7 19. b4 Nd7 20. f4 f5 21. g3 Rag8 22. Kf2 Nf6 23. exf5 Ng4+ 24. Ke1 Qf6 1/2-1/2